MARC

LEADER 00000nas a2200000 i 4500
001 ssj0000571629
003 WaSeSS
005 20200512172242.0
006 m d
007 cr n
008 080925c200u9999pl qr s 0 0pol c
010 |a  2016234312 
022 |a 2084-3968  |l 1896-0200  |y 1896-0200 
035 |a (WaSeSS)ssj0000571629 
040 |a FIE  |b eng  |c FIE  |d CS1  |d OCLCQ  |d OCLCO  |d OCLCQ  |d OCLCO  |d HLS  |d OCLCO  |d OCLCF  |d OCLCO  |d OCLCA  |d WaSeSS 
041 0 |a pol  |a eng 
042 |a pcc 
043 |a e-pl--- 
050 4 |a JF 
245 0 0 |a Zarządzanie publiczne  |h [electronic resource]. 
260 |a Kraków :  |b Wydawn. Uniwersytetu Jagiellońskiego,  |c 2005- 
260 3 |3 <2015-> :  |a Kraków :  |b Uniwersytet Ekonomiczny w Krakowie 
310 |a Quarterly 
506 |a License restrictions may limit access. 
546 |a Chiefly Polish, with some English. 
588 |a Description based on 2010, issue no. 2; title from journal information page (CEEOL, viewed March 28, 2016). 
588 |a Latest issue consulted: 2015, issue no. 2. 
650 0 |a Public administration  |z Poland  |v Periodicals. 
650 0 |a Public administration  |v Periodicals. 
650 7 |a Public administration.  |2 fast  |0 (OCoLC)fst01081976 
651 7 |a Poland.  |2 fast  |0 (OCoLC)fst01206891 
655 0 |a Electronic journals. 
710 2 |a Uniwersytet Jagielloński.  |b Instytut Spraw Publicznych. 
710 2 |a Uniwersytet Ekonomiczny w Krakowie. 
856 4 0 |z Full text available from Research Library: 01/01/2011 to 01/31/2017  |u https://search.proquest.com/publication/1356352